4x4 Grid Match: Miscellaneous Quiz Stats

 Plays Quiz Updated Sep 24, 2017

Challenge
Share
Tweet
Score 0/16 Timer 04:00
3 Plays Today
% Correct
Chrysler
93.5%
Audi
93.3%
Mazda
91.5%
Comcast
90.3%
Nike
88.3%
Cadbury
87.6%
Jaguar
85.5%
Heinz
78.5%
% Correct
Maruchan
77.1%
Nippon
74.7%
Vodafone
72%
Adidas
66.4%
Umbro
65.7%
Asics
57.2%
Haribo
54.3%
T-Mobile
48.1%

You're not logged in!

Compare scores with friends on all Sporcle quizzes.
Join for Free
OR
Log In

You Might Also Like...

Show Comments

Extras

Top Quizzes Today


Score Distribution

Your Account Isn't Verified!

In order to create a playlist on Sporcle, you need to verify the email address you used during registration. Go to your Sporcle Settings to finish the process.

Report this User

Report this user for behavior that violates our Community Guidelines.

Details: